Analýza podielových fondov
Vymedzenie pojmu podielové fondy. Základné typy podielových fondov. Náklady spojené s investovaním prostredníctvom podielových fondov. Čistá hodnota majetku fondu (NAV - Net Asset Value). Analýza výkonnosti podielových fondov.
Salvato in:
| Autore principale: | |
|---|---|
| Natura: | Capitolo di libro |
| Lingua: | slovacco |
| Soggetti: | |
| Tags: |
Nessun Tag, puoi essere il primo ad aggiungerne!!
|
MARC
| LEADER | 00000nla$a2200000$$$4500 | ||
|---|---|---|---|
| 001 | 0056138 | ||
| 005 | 20240502071634.5 | ||
| 041 | 0 | |a slo | |
| 044 | |a SK | ||
| 245 | 1 | 0 | |a Analýza podielových fondov |c Ctibor Pilch |
| 520 | |a Vymedzenie pojmu podielové fondy. Základné typy podielových fondov. Náklady spojené s investovaním prostredníctvom podielových fondov. Čistá hodnota majetku fondu (NAV - Net Asset Value). Analýza výkonnosti podielových fondov. | ||
| 610 | 2 | 0 | |a fondy podielové |
| 610 | 2 | 0 | |a papiere cenné |
| 610 | 2 | 0 | |a fondy podielové otvorené |
| 610 | 2 | 0 | |a investovanie |
| 610 | 2 | 0 | |a investori |
| 610 | 2 | 0 | |a trh finančný |
| 610 | 2 | 0 | |a dlhopisy |
| 100 | 1 | |a Pilch, Ctibor, 1957- | |